000 01205 a2200253 4500
001 34164
005 20260407155630.0
008 260407a2014 arg spa d
003 AR-UNSa-BCEJYS
040 _aAR-UNSa-BCEJYS
_bspa
_cAR-UNSa-BCEJYS
080 _a37.02
_xCuestiones generales de didáctica y metodología
245 1 0 _aEstrategias de enseñanza
_potra mirada al quehacer en el aula
020 _a978-987-06-0212-5
250 _a1a ed., 3a. reimp.
264 1 _aBuenos Aires :
_bAique Grupo Editor
_c2014
300 _a126 p.
_c22 cm.
505 _a1. ¿Cómo enseñamos? Las estrategias entre la teoría y la práctica - 2. Las buenas preguntas - 3. Clases expositivas: trasmitir información y construir conocimiento significativo - 4. El uso crítico de las imágenes - 5. Explorar y descubrir - 6. Los proyectos de trabajo - 7. Enseñar en aulas heterogéneas - 8. El docente y las estrategias de enseñanza en el aula
041 _aspa
942 _cBK
590 _aniveau_biblio:m niveau_hierar:0
100 1 _aMora, Silvia
700 1 _aAnijovich, Rebeca
856 4 1 _uhttps://biblioeco.unsa.edu.ar/pmb/images/libros/estrategias_de_ensenianza.jpg
_yImagen de portada
_qimage/jpeg
999 _c2422
_d2422